00758nam a2200181 a 450000500170000000800410001702000180005805000310007624500330010726000510014030000110019144000340020265000320023665000410026899900190030995201240032895201240045220140412111355.0051104s19uu xx 00 eng d a0-02-661082-5 aTR(GS 372.4bB35 L.2 (ESL) aESL supplement (green), L.2. aColumbus, Ohio :bSRA/McGraw-Hill Comp,c2000. a153 p. aSRA open court reading, Green aReadingxStudy and teaching aEnglish languagexStudy and teaching c105391d105391 00104050aELbELcTRd2005-11-04eDonationl0oTR(GS 372.4 B35 L.2 (ESL)pE10048r2014-04-12 00:00:00w2014-04-12yBK 00104050aELbELcTRd2005-11-04eDonationl0oTR(GS 372.4 B35 L.2 (ESL)pE10049r2014-04-12 00:00:00w2014-04-12yBK